Angažovanosť a spokojnosť zamestnancov diplomová práca

Na minha lista:
Detalhes bibliográficos
Autor principal: Kamianetska, Anastasiia
Autor Corporativo: Fakulta podnikového manažmentu EU. Katedra manažmentu
Outros Autores: Blštáková, Jana, 1980-
Formato: Livro
Idioma:eslovaco
Publicado em: Bratislava 2023
Tags: Adicionar Tag
Sem tags, seja o primeiro a adicionar uma tag!

MARC

LEADER 00000nbm a2200000 4500
001 0293530
005 20240514130358.8
041 0 |a slo 
044 |a SK 
245 1 0 |a Angažovanosť a spokojnosť zamestnancov  |b diplomová práca  |c Anastasiia Kamianetska ; školiteľ: Jana Blštáková 
264 1 |a Bratislava  |c 2023 
300 |a 73 s. 
100 1 |a Kamianetska, Anastasiia 
700 1 |a Blštáková, Jana, 1980- 
710 2 |a Fakulta podnikového manažmentu EU. Katedra manažmentu